00360 a2200109 450000500170000002000220001708200150003911100470005424500400010126000680014130000410020920250716091843.0 a978-9976-78-091-8 a657.54 NBA aNational Board of Accountants and Auditors aC2: Auditing and Assurance Services aDar Es SalaambNational Board of Accountants and Auditorsc2019 avi,565p.;ill.;pictures, tablesc29cm